Economic Development (Record no. 2821)

MARC details
005 - DATE AND TIME OF LATEST TRANSACTION
control field 20250627160454.0
020 ## - INTERNATIONAL STANDARD BOOK NUMBER
International Standard Book Number 978-1-4058-7424-3
082 ## - DEWEY DECIMAL CLASSIFICATION NUMBER
Classification number 330.9 TOD
100 ## - MAIN ENTRY--PERSONAL NAME
Author name TODARO, M. P.
245 ## - TITLE STATEMENT
Title Economic Development
250 ## - EDITION STATEMENT
Edition statement 10th Ed.
260 ## - PUBLICATION, DISTRIBUTION, ETC.
Place of publication, distribution, etc. London,
Name of publisher, distributor, etc. Addison-Wesley,
Date of publication, distribution, etc. 2009.
300 ## - PHYSICAL DESCRIPTION
Extent xxvii, 861p.: ill.; figure, map, table.
Other physical details Glossary, index.
Dimensions 24cm.
700 ## - ADDED ENTRY--PERSONAL NAME
Other authors/Editors SMITH, S. C.
942 ## - ADDED ENTRY ELEMENTS (KOHA)
Source of classification or shelving scheme Dewey Decimal Classification
Koha item type Books
Holdings
Date last seen Total checkouts Full call number Barcode Cost, replacement price Price effective from Koha item type Lost status Source of classification or shelving scheme Damaged status Not for loan Withdrawn status Home library Current library Shelving location Date acquired Cost, normal purchase price
06/27/2025   330.9 TOD DOM0003236 147000.00 06/27/2025 Books   Dewey Decimal Classification       CBE Dodoma CBE Dodoma General Collection 09/19/2012 49000.00
06/27/2025   330.9 TOD DOM0003237 147000.00 06/27/2025 Books   Dewey Decimal Classification       CBE Dodoma CBE Dodoma General Collection 09/19/2012 49000.00
06/27/2025   330.9 TOD DOM0003240 147000.00 06/27/2025 Books   Dewey Decimal Classification       CBE Dodoma CBE Dodoma General Collection 09/19/2012 49000.00
05/29/2025   330.9 TOD 00000010412 147000.00 05/29/2025 Books   Dewey Decimal Classification       College of Business Education Main Library College of Business Education Main Library Special Reserve Collection 10/27/2005 49000.00